00420nam a2200145 a 4500008004100000020001500041050001800056100001500074245003800089246007500127250001200202260003100214300002000245350000900265120416s0000 ||||||||||||||||| || u a0592028355 aTK 7871.9 Amo aAmos, S. W10aPrinciples of Transistor circuits aintroduction to the design of amplifiers, receivers and other circuits a4th. ed aLondonbButterworthsc1972 avi, 310p. : ill a0.00